Österreichische Landeshauptstädte - Sudden Death - Statistiken

Allgemein
  • Dieses Quiz wurde 409 mal gespielt
    344 seit der letzten Aktualisierung
  • Das Durchschnittsergebnis liegt bei 7 aus 9
Answers on the Grid
Answers color-coded by a green-red scale on the quiz's grid according to % correct below.
Bregenz
Eisenstadt
Graz
Innsbruck
Klagenfurt am Wörthersee
Klagenfurt-Wölfnitz
Krems
Linz
Neusiedl am See
Salzburg
Sölden
St. Pölten
Steyr
Villach
Wien
Zell am See
 
Antwortstatistiken
Antwort % Korrekt
Wien
94%
Graz
92%
Innsbruck
90%
Linz
86%
Salzburg
85%
Bregenz
75%
Klagenfurt am Wörthersee
70%
St. Pölten
69%
Eisenstadt
62%
Keine übereinstimmenden Quizze gefunden
Verteilung der Resultate
Anzahl Personen mit jedem Resultat
Perzentil nach korrekt beantworteten Fragen
Ihre Resultats-Entwicklung
Sie haben dieses Quiz seit der letzten Aktualisierung nicht gespielt